000
00370nam a2200169Ia 4500
008
230606s2019 xx 000 0 und d
041
_a
eng
100
_a
M c Grath
245
_a
Basic managerial Skill for all
250
_a
19th
260
_b
P.H.I.
_c
2019
300
_a
812p
500
_a
2279
520
_a
General
520
_a
Hard Board
650
_a
G.SKILL
999
_c
421294
_d
421294